| 000 | 00855cab a2200265 4500 | ||
|---|---|---|---|
| 001 | ABS59280 | ||
| 008 | 090401t1998 xxu||||| |||| 00| 0 eng d | ||
| 035 | _a(Sirsi) u88590 | ||
| 041 | _aeng | ||
| 100 | _aMinton, A. | ||
| 245 | _aTrouble in store | ||
| 260 | _c1998 | ||
| 350 | _a0 | ||
| 490 |
_aEstates Gazette _v(9838) 19 September 1998, 72-73(2) |
||
| 520 | _aReports on the slowdown in high street spending as a result of high interest rates and economic turmoil overseas, and considers the effects on the retail property market. Graphs. | ||
| 650 | _aBRITISH RETAIL CONSORTIUM | ||
| 650 | _aECONOMIC PERFORMANCE | ||
| 650 | _aHIGH STREET SHOPS | ||
| 650 | _aINTEREST RATES | ||
| 650 | _aRETAIL SECTOR | ||
| 650 | _aTRAFFORD CENTRE | ||
| 690 | _aPROPERTY-COMMERCIAL PROPERTY-RETAIL PROPERTY | ||
| 942 | _n0 | ||
| 948 | _c23/09/1998 | ||
| 999 |
_c55999 _d55999 |
||